[Event "7th Iberoamerican-ch 2019"]
[Site "Linares"]
[Date "2019.08.10"]
[Round "1.34"]
[White "Avila Fraire, Ameyalli"]
[Black "Lopez Mulet, Inigo"]
[Result "0-1"]
[WhiteElo "2038"]
[BlackElo "2378"]
[Annotator "NA"]
[PlyCount "64"]
[EventDate "2019.08.10"]
[EventType "swiss"]
[EventCountry "ESP"]
[SourceTitle "playchess.com"]
[Source "ChessBase"]
[SourceQuality "1"]
[TimeControl "5400+30"]

1. e4 {[%emt 0:00:00]} c5 {[%emt 0:00:00]} 2. Nf3 {[%emt 0:00:00]} e6 {[%emt 0:00:00]} 3. g3 {[%emt 0:00:15]} Nc6 {[%emt 0:00:13]} 4. Bg2 {[%emt 0:01:14]} Nf6 {[%emt 0:00:23]} 5. Qe2 {[%emt 0:01:35]} Be7 {[%emt 0:00:29]} 6. O-O {[%emt 0:02:43]} d5 {[%emt 0:00:36]} 7. d3 {[%emt 0:02:22]} O-O {[%emt 0:01:42]} 8. c4 {[%emt 0:07:39]} dxe4 {[%emt 0:19:10]} 9. dxe4 {[%emt 0:00:10]} Nd4 {[%emt 0:00:07]} 10. Qd3 {[%emt 0:17:14]} Qb6 {[%emt 0:04:13]} 11. b3 {[%emt 0:10:48]} Ng4 {[%emt 0:11:33]} 12. Bb2 {[%emt 0:06:57]} Rd8 {[%emt 0:01:15]} 13. h3 {[%emt 0:03:34]} Bf6 {[%emt 0:02:42]} 14. Nxd4 {[%emt 0:03:15]} Ne5 {[%emt 0:03:26]} 15. Qd2 {[%emt 0:05:17]} cxd4 {[%emt 0:02:36]} 16. Na3 {[%emt 0:02:59]} Be7 {[%emt 0:05:32]} 17. Nc2 {[%emt 0:07:10]} Nxc4 {[%emt 0:02:01]} 18. bxc4 {[%emt 0:01:40]} Qxb2 {[%emt 0:00:07]} 19. Rfb1 {[%emt 0:00:05]} Qc3 {[%emt 0:00:06]} 20. Qxc3 {[%emt 0:00:41]} dxc3 {[%emt 0:00:08]} 21. e5 {[%emt 0:00:30]} Rd2 {[%emt 0:01:08]} 22. Bxb7 {[%emt 0:09:48]} Bxb7 {[%emt 0:00:17]} 23. Rxb7 {[%emt 0:00:06]} Bc5 {[%emt 0:00:18]} 24. Rc1 {[%emt 0:02:58]} Rxf2 {[%emt 0:00:52]} 25. Kh1 {[%emt 0:00:23]} h5 {[%emt 0:00:40]} 26. Rb3 {[%emt 0:00:32]} Rd8 {[%emt 0:00:41]} 27. Rb5 {[%emt 0:03:31]} Rdd2 {[%emt 0:01:50]} 28. Rxc5 {[%emt 0:03:19]} Rxc2 {[%emt 0:00:08]} 29. Rb1 {[%emt 0:01:45]} Rh2+ {[%emt 0:00:15]} 30. Kg1 {[%emt 0:00:11]} Rcg2+ {[%emt 0:00:05]} 31. Kf1 {[%emt 0:00:16]} Rh1+ {[%emt 0:00:15]} 32. Kxg2 {[%emt 0:00:18]} Rxb1 {[%emt 0:00:04]} 0-1

[Event "7th Iberoamerican-ch 2019"]
[Site "Linares"]
[Date "2019.08.10"]
[Round "1.35"]
[White "Merario Alarcon, Andres"]
[Black "Jesus Reyes, Javier"]
[Result "1-0"]
[WhiteElo "2400"]
[BlackElo "2026"]
[Annotator "NA"]
[PlyCount "59"]
[EventDate "2019.08.10"]
[EventType "swiss"]
[EventCountry "ESP"]
[SourceTitle "playchess.com"]
[Source "ChessBase"]
[SourceQuality "1"]
[TimeControl "5400+30"]

1. d4 {[%emt 0:00:53]} Nf6 {[%emt 0:00:00]} 2. c4 {[%emt 0:00:13]} g6 {[%emt 0:00:17]} 3. Nc3 {[%emt 0:00:15]} Bg7 {[%emt 0:00:29]} 4. e4 {[%emt 0:00:15]} d6 {[%emt 0:00:17]} 5. h3 {[%emt 0:00:31]} O-O {[%emt 0:02:00]} 6. Be3 {[%emt 0:00:07]} c5 {[%emt 0:04:00]} 7. d5 {[%emt 0:00:10]} e6 {[%emt 0:01:02]} 8. Bd3 {[%emt 0:00:18]} exd5 {[%emt 0:00:45]} 9. exd5 {[%emt 0:00:10]} Re8 {[%emt 0:01:18]} 10. Nf3 {[%emt 0:00:09]} Nbd7 {[%emt 0:02:20]} 11. O-O {[%emt 0:00:10]} Nh5 {[%emt 0:02:40]} 12. Qd2 {[%emt 0:08:01]} Ne5 {[%emt 0:02:49]} 13. Be2 {[%emt 0:02:05]} Nxf3+ {[%emt 0:02:44]} 14. Bxf3 {[%emt 0:00:03]} Nf6 {[%emt 0:00:15]} 15. Bf4 {[%emt 0:02:46]} Bf5 {[%emt 0:10:55]} 16. Rfe1 {[%emt 0:02:31]} Qb6 {[%emt 0:02:22]} 17. g4 {[%emt 0:02:47]} Bd7 {[%emt 0:03:34]} 18. Kh2 {[%emt 0:12:37]} Rxe1 {[%emt 0:04:16]} 19. Rxe1 {[%emt 0:00:09]} Re8 {[%emt 0:00:04]} 20. g5 {[%emt 0:07:48]} Nh5 {[%emt 0:08:18]} 21. Rxe8+ {[%emt 0:01:45]} Bxe8 {[%emt 0:00:01]} 22. Bxh5 {[%emt 0:00:31]} gxh5 {[%emt 0:00:07]} 23. Ne4 {[%emt 0:05:48]} Bxb2 {[%emt 0:12:36]} 24. Bxd6 {[%emt 0:05:20]} Bd4 {[%emt 0:03:36]} 25. Qf4 {[%emt 0:01:33]} Ba4 {[%emt 0:05:53]} 26. Be5 {[%emt 0:04:00]} Qb2 {[%emt 0:07:50]} 27. Bf6 {[%emt 0:05:04]} h6 {[%emt 0:06:45]} 28. gxh6 {[%emt 0:04:33]} Bxf6 {[%emt 0:01:36]} 29. Nxf6+ {[%emt 0:00:12]} Kh8 {[%emt 0:00:21]} 30. Qb8+ {[%emt 0:00:09]} 1-0

[Event "7th Iberoamerican-ch 2019"]
[Site "Linares"]
[Date "2019.08.10"]
[Round "1.36"]
[White "Garcia Morales, Ivette Ale"]
[Black "Teran Alvarez, Ismael"]
[Result "1/2-1/2"]
[WhiteElo "1998"]
[BlackElo "2392"]
[Annotator "NA"]
[PlyCount "62"]
[EventDate "2019.08.10"]
[EventType "swiss"]
[EventCountry "ESP"]
[SourceTitle "playchess.com"]
[Source "ChessBase"]
[SourceQuality "1"]
[TimeControl "5400+30"]

1. d4 {[%emt 0:00:00]} e6 {[%emt 0:00:10]} 2. Nf3 {[%emt 0:00:00]} f5 {[%emt 0:00:30]} 3. g3 {[%emt 0:00:09]} Nf6 {[%emt 0:00:06]} 4. Bg2 {[%emt 0:00:02]} d5 {[%emt 0:01:55]} 5. O-O {[%emt 0:00:08]} Bd6 {[%emt 0:00:06]} 6. c4 {[%emt 0:00:04]} c6 {[%emt 0:00:05]} 7. b3 {[%emt 0:00:08]} Qe7 {[%emt 0:00:22]} 8. a4 {[%emt 0:00:47]} a5 {[%emt 0:00:45]} 9. Ba3 {[%emt 0:02:32]} Bxa3 {[%emt 0:13:11]} 10. Nxa3 {[%emt 0:00:12]} O-O {[%emt 0:00:06]} 11. Ne5 {[%emt 0:08:10]} Nbd7 {[%emt 0:05:20]} 12. Nxd7 {[%emt 0:06:55]} Bxd7 {[%emt 0:01:14]} 13. Qc1 {[%emt 0:12:18]} Be8 {[%emt 0:11:11]} 14. Nc2 {[%emt 0:12:25]} Bh5 {[%emt 0:05:49]} 15. Qd2 {[%emt 0:10:32]} Kh8 {[%emt 0:11:28]} 16. f4 {[%emt 0:22:43]} b6 {[%emt 0:06:23]} 17. Bf3 {[%emt 0:01:16]} Rad8 {[%emt 0:03:11]} 18. c5 {[%emt 0:01:32]} bxc5 {[%emt 0:15:14]} 19. Qxa5 {[%emt 0:00:29]} cxd4 {[%emt 0:01:01]} 20. Nxd4 {[%emt 0:00:27]} Ra8 {[%emt 0:00:52]} 21. Qb6 {[%emt 0:03:02]} Bxf3 {[%emt 0:07:43]} 22. exf3 {[%emt 0:05:57]} c5 {[%emt 0:04:32]} 23. Qxe6 {[%emt 0:04:49]} Qb7 {[%emt 0:02:36]} 24. Nb5 {[%emt 0:00:51]} g6 {[%emt 0:02:24]} 25. Rac1 {[%emt 0:00:34]} Ra6 {[%emt 0:02:52]} 26. Qe3 {[%emt 0:02:06]} c4 {[%emt 0:01:49]} 27. bxc4 {[%emt 0:01:29]} Rxa4 {[%emt 0:00:08]} 28. Nd6 {[%emt 0:00:10]} Qa7 {[%emt 0:00:57]} 29. Qxa7 {[%emt 0:00:00]} Rxa7 {[%emt 0:00:00]} 30. c5 {[%emt 0:00:23]} Rc7 {[%emt 0:00:42]} 31. Nb5 {[%emt 0:02:26]} Rb7 1/2-1/2

[Event "7th Iberoamerican-ch 2019"]
[Site "Linares"]
[Date "2019.08.10"]
[Round "1.37"]
[White "Valenzuela Gomez, Fernando"]
[Black "Gines Abad, Pedro"]
[Result "1-0"]
[WhiteElo "2394"]
[BlackElo "1964"]
[Annotator "NA"]
[PlyCount "127"]
[EventDate "2019.08.10"]
[EventType "swiss"]
[EventCountry "ESP"]
[SourceTitle "playchess.com"]
[Source "ChessBase"]
[SourceQuality "1"]
[TimeControl "5400+30"]

1. d4 {[%emt 0:00:00]} d5 {[%emt 0:00:00]} 2. c4 {[%emt 0:00:03]} c6 {[%emt 0:00:15]} 3. Nf3 {[%emt 0:00:21]} Nf6 {[%emt 0:00:18]} 4. Nc3 {[%emt 0:01:43]} Bg4 {[%emt 0:02:30]} 5. Ne5 {[%emt 0:00:09]} Bh5 {[%emt 0:02:18]} 6. cxd5 {[%emt 0:10:05]} Nxd5 {[%emt 0:04:29]} 7. Qb3 {[%emt 0:01:18]} Qb6 {[%emt 0:03:27]} 8. Qxb6 {[%emt 0:04:19]} axb6 {[%emt 0:02:46]} 9. Nxd5 {[%emt 0:04:44]} cxd5 {[%emt 0:00:11]} 10. e3 {[%emt 0:00:52]} f6 {[%emt 0:00:40]} 11. Bb5+ {[%emt 0:01:51]} Kd8 {[%emt 0:00:16]} 12. Nd3 e6 {[%emt 0:03:33]} 13. Bd2 {[%emt 0:01:29]} Be8 {[%emt 0:01:16]} 14. Bxe8 {[%emt 0:00:48]} Kxe8 {[%emt 0:00:02]} 15. O-O {[%emt 0:02:58]} Nc6 16. f3 {[%emt 0:03:31]} Bd6 {[%emt 0:09:25]} 17. a4 {[%emt 0:03:05]} Kd7 {[%emt 0:03:51]} 18. b3 {[%emt 0:00:32]} Rhc8 {[%emt 0:02:42]} 19. Rac1 {[%emt 0:04:56]} Ne7 {[%emt 0:10:40]} 20. Kf2 {[%emt 0:05:19]} Rc6 {[%emt 0:06:06]} 21. Rxc6 {[%emt 0:01:22]} bxc6 {[%emt 0:01:04]} 22. Rc1 {[%emt 0:00:47]} h5 {[%emt 0:00:55]} 23. e4 {[%emt 0:04:37]} dxe4 {[%emt 0:08:28]} 24. fxe4 {[%emt 0:00:33]} f5 {[%emt 0:00:58]} 25. e5 {[%emt 0:04:54]} Bc7 {[%emt 0:00:19]} 26. Nf4 {[%emt 0:03:45]} Nd5 {[%emt 0:01:56]} 27. Nxh5 {[%emt 0:07:10]} Rh8 {[%emt 0:02:55]} 28. Nf4 {[%emt 0:00:38]} Nxf4 29. Bxf4 {[%emt 0:00:38]} Rh4 {[%emt 0:14:25]} 30. Kf3 {[%emt 0:01:54]} Bd8 {[%emt 0:04:17]} 31. h3 {[%emt 0:03:34]} Be7 {[%emt 0:01:29]} 32. Rh1 {[%emt 0:02:50]} Rh8 {[%emt 0:03:30]} 33. Be3 {[%emt 0:01:42]} Ra8 {[%emt 0:00:59]} 34. Rd1 {[%emt 0:03:07]} Ra5 {[%emt 0:02:08]} 35. d5 {[%emt 0:02:22]} b5 {[%emt 0:05:14]} 36. Bb6 {[%emt 0:11:45]} Ra6 {[%emt 0:00:38]} 37. dxc6+ {[%emt 0:01:53]} Kxc6 {[%emt 0:00:25]} 38. a5 {[%emt 0:00:16]} Ra8 39. Rc1+ {[%emt 0:01:05]} Kd5 {[%emt 0:01:54]} 40. Rc7 {[%emt 0:00:23]} Bb4 {[%emt 0:00:24]} 41. Rd7+ {[%emt 0:00:52]} Kc6 {[%emt 0:00:54]} 42. Rxg7 {[%emt 0:00:13]} Bxa5 {[%emt 0:00:10]} 43. Bxa5 {[%emt 0:00:17]} Rxa5 {[%emt 0:00:02]} 44. Kf4 {[%emt 0:00:40]} Ra2 {[%emt 0:00:53]} 45. Rg3 {[%emt 0:02:42]} Re2 46. h4 Re4+ {[%emt 0:01:25]} 47. Kg5 {[%emt 0:00:44]} Rxe5 {[%emt 0:00:08]} 48. Kf6 {[%emt 0:00:52]} Re1 {[%emt 0:00:33]} 49. Rh3 {[%emt 0:01:13]} f4 {[%emt 0:00:39]} 50. h5 {[%emt 0:00:14]} Re3 {[%emt 0:00:39]} 51. Rh1 {[%emt 0:00:33]} f3 {[%emt 0:02:10]} 52. g4 {[%emt 0:00:56]} f2 {[%emt 0:00:27]} 53. Rf1 {[%emt 0:00:08]} Rxb3 {[%emt 0:01:08]} 54. Rxf2 {[%emt 0:00:14]} Rh3 {[%emt 0:00:26]} 55. Kxe6 {[%emt 0:00:14]} b4 {[%emt 0:00:16]} 56. Kf5 {[%emt 0:01:00]} b3 {[%emt 0:00:22]} 57. Kg6 {[%emt 0:00:17]} Kd5 {[%emt 0:00:50]} 58. g5 {[%emt 0:00:33]} Rc3 {[%emt 0:00:22]} 59. h6 {[%emt 0:01:40]} Rc6+ {[%emt 0:00:31]} 60. Kh5 {[%emt 0:00:42]} Rc2 {[%emt 0:00:17]} 61. Rf8 {[%emt 0:01:05]} b2 {[%emt 0:00:33]} 62. Rb8 {[%emt 0:00:09]} Ke5 {[%emt 0:00:19]} 63. h7 {[%emt 0:00:37]} Kf5 {[%emt 0:00:43]} 64. Rb5+ {[%emt 0:00:21]} 1-0

[Event "7th Iberoamerican-ch 2019"]
[Site "Linares"]
[Date "2019.08.10"]
[Round "1.38"]
[White "Serrano Garcia, Luis"]
[Black "Vega Gutierrez, Sabrina"]
[Result "0-1"]
[WhiteElo "1902"]
[BlackElo "2385"]
[Annotator "NA"]
[PlyCount "48"]
[EventDate "2019.08.10"]
[EventType "swiss"]
[EventCountry "ESP"]
[SourceTitle "playchess.com"]
[Source "ChessBase"]
[SourceQuality "1"]
[TimeControl "5400+30"]

1. e4 c5 2. Nc3 Nc6 {[%emt 0:00:07]} 3. Bc4 {[%emt 0:02:03]} a6 4. a4 {[%emt 0:00:30]} e6 {[%emt 0:01:40]} 5. Nf3 {[%emt 0:01:22]} Nf6 {[%emt 0:00:52]} 6. e5 {[%emt 0:03:05]} d5 {[%emt 0:01:21]} 7. exf6 {[%emt 0:10:48]} dxc4 {[%emt 0:00:17]} 8. Nd4 {[%emt 0:19:50]} cxd4 {[%emt 0:01:51]} 9. fxg7 {[%emt 0:01:27]} Bxg7 {[%emt 0:00:13]} 10. Ne4 {[%emt 0:02:33]} O-O {[%emt 0:21:34]} 11. d3 {[%emt 0:05:18]} Qd5 {[%emt 0:03:25]} 12. O-O {[%emt 0:03:56]} Kh8 {[%emt 0:09:57]} 13. Re1 {[%emt 0:05:48]} cxd3 {[%emt 0:03:56]} 14. Qxd3 {[%emt 0:02:56]} f5 {[%emt 0:05:52]} 15. Ng5 {[%emt 0:10:09]} e5 {[%emt 0:00:33]} 16. Qh3 {[%emt 0:06:42]} h6 {[%emt 0:00:45]} 17. Ra3 {[%emt 0:05:42]} f4 {[%emt 0:05:40]} 18. Qh4 {[%emt 0:05:49]} Bf5 {[%emt 0:00:54]} 19. Nf3 {[%emt 0:07:06]} Rae8 {[%emt 0:18:53]} 20. Qh5 {[%emt 0:00:57]} Qd6 {[%emt 0:02:26]} 21. Bxf4 {[%emt 0:01:28]} Bg6 {[%emt 0:01:03]} 22. Bxe5 {[%emt 0:00:57]} Rxe5 {[%emt 0:01:05]} 23. Qg4 {[%emt 0:01:37]} Rxf3 {[%emt 0:04:17]} 24. Rxe5 {[%emt 0:01:18]} Rxa3 {[%emt 0:00:15]} 0-1

[Event "7th Iberoamerican-ch 2019"]
[Site "Linares"]
[Date "2019.08.10"]
[Round "1.39"]
[White "Mieles Palau, Daniel"]
[Black "Diaz Mino, Daniel"]
[Result "1-0"]
[WhiteElo "2359"]
[BlackElo "1835"]
[Annotator "NA"]
[PlyCount "77"]
[EventDate "2019.08.10"]
[EventType "swiss"]
[EventCountry "ESP"]
[SourceTitle "playchess.com"]
[Source "ChessBase"]
[SourceQuality "1"]
[TimeControl "5400+30"]

1. e4 {[%emt 0:00:00]} c5 {[%emt 0:00:00]} 2. Nc3 {[%emt 0:00:01]} d6 {[%emt 0:00:00]} 3. Nf3 {[%emt 0:02:02]} Nf6 {[%emt 0:00:43]} 4. e5 {[%emt 0:00:08]} dxe5 {[%emt 0:06:15]} 5. Nxe5 {[%emt 0:00:08]} g6 {[%emt 0:04:40]} 6. Bc4 {[%emt 0:12:45]} e6 {[%emt 0:03:49]} 7. d3 {[%emt 0:01:08]} Bg7 {[%emt 0:03:42]} 8. Bg5 {[%emt 0:09:17]} O-O {[%emt 0:05:44]} 9. Qf3 {[%emt 0:18:44]} h6 {[%emt 0:12:31]} 10. Bh4 {[%emt 0:00:11]} Nbd7 {[%emt 0:06:04]} 11. Nxd7 {[%emt 0:10:53]} Bxd7 {[%emt 0:00:12]} 12. Qxb7 {[%emt 0:00:02]} Rb8 {[%emt 0:01:14]} 13. Qxa7 {[%emt 0:00:05]} Rxb2 {[%emt 0:06:27]} 14. O-O {[%emt 0:00:05]} g5 {[%emt 0:03:57]} 15. Bg3 {[%emt 0:00:47]} Nh5 {[%emt 0:01:31]} 16. Ne4 {[%emt 0:10:44]} Nxg3 {[%emt 0:04:47]} 17. hxg3 {[%emt 0:02:27]} Bc6 {[%emt 0:19:37]} 18. Rad1 {[%emt 0:13:13]} Rxc2 {[%emt 0:03:03]} 19. Bb3 {[%emt 0:01:55]} Rb2 {[%emt 0:01:21]} 20. Qxc5 {[%emt 0:00:09]} Qa8 {[%emt 0:00:50]} 21. Rfe1 {[%emt 0:04:28]} Rd8 {[%emt 0:01:15]} 22. Rc1 {[%emt 0:03:30]} Bb7 {[%emt 0:04:08]} 23. Qe7 {[%emt 0:00:54]} Bxe4 {[%emt 0:05:18]} 24. Rxe4 {[%emt 0:00:18]} Re8 {[%emt 0:01:29]} 25. Qc7 {[%emt 0:02:14]} Rd2 {[%emt 0:00:28]} 26. Re3 {[%emt 0:00:50]} Qa3 {[%emt 0:03:22]} 27. Rf3 {[%emt 0:00:24]} Rf8 {[%emt 0:00:20]} 28. Rc4 {[%emt 0:04:03]} Qb2 {[%emt 0:00:38]} 29. Re4 {[%emt 0:00:42]} Qb1+ {[%emt 0:00:29]} 30. Kh2 {[%emt 0:00:05]} Rxd3 {[%emt 0:00:33]} 31. Bc2 {[%emt 0:00:13]} Qxa2 {[%emt 0:00:30]} 32. Rxd3 {[%emt 0:00:42]} Qa8 {[%emt 0:00:30]} 33. Rf3 {[%emt 0:00:13]} Qe8 {[%emt 0:00:28]} 34. Qd6 {[%emt 0:01:06]} Qc8 {[%emt 0:00:20]} 35. Bb3 {[%emt 0:00:50]} Rd8 {[%emt 0:00:32]} 36. Qb6 {[%emt 0:00:29]} Re8 {[%emt 0:00:40]} 37. Rc4 {[%emt 0:00:18]} Qa8 {[%emt 0:00:26]} 38. Rc7 {[%emt 0:00:08]} Rf8 {[%emt 0:00:27]} 39. Rfxf7 {[%emt 0:00:14]} 1-0

[Event "7th Iberoamerican-ch 2019"]
[Site "Linares"]
[Date "2019.08.10"]
[Round "1.40"]
[White "Montesinos Diaz, Luis"]
[Black "Cruz Ravina, Francisco Javier"]
[Result "0-1"]
[WhiteElo "1808"]
[BlackElo "2363"]
[Annotator "NA"]
[PlyCount "112"]
[EventDate "2019.08.10"]
[EventType "swiss"]
[EventCountry "ESP"]
[SourceTitle "playchess.com"]
[Source "ChessBase"]
[SourceQuality "1"]
[TimeControl "5400+30"]

1. d4 {[%emt 0:00:00]} Nf6 {[%emt 0:00:00]} 2. Nf3 {[%emt 0:00:00]} g6 {[%emt 0:01:27]} 3. Bg5 {[%emt 0:01:29]} Bg7 {[%emt 0:01:09]} 4. Nbd2 {[%emt 0:01:28]} d6 {[%emt 0:02:23]} 5. e4 {[%emt 0:01:49]} O-O {[%emt 0:01:54]} 6. c3 {[%emt 0:01:27]} Nc6 {[%emt 0:01:43]} 7. Bc4 {[%emt 0:03:39]} e5 {[%emt 0:03:57]} 8. dxe5 {[%emt 0:00:45]} Nxe5 {[%emt 0:02:26]} 9. Nxe5 {[%emt 0:02:43]} dxe5 {[%emt 0:00:07]} 10. O-O {[%emt 0:06:28]} Qe7 {[%emt 0:05:03]} 11. Qe2 {[%emt 0:07:05]} h6 {[%emt 0:02:00]} 12. Bh4 {[%emt 0:01:02]} Rd8 {[%emt 0:06:55]} 13. Rfd1 {[%emt 0:03:14]} Be6 {[%emt 0:03:46]} 14. Bb3 {[%emt 0:13:55]} c6 {[%emt 0:17:11]} 15. Nc4 {[%emt 0:05:00]} Qc5 {[%emt 0:09:51]} 16. Nd2 {[%emt 0:12:47]} Bg4 {[%emt 0:14:31]} 17. Nf3 {[%emt 0:01:21]} g5 {[%emt 0:01:25]} 18. Bg3 {[%emt 0:04:03]} Nh5 {[%emt 0:14:56]} 19. Rd3 {[%emt 0:00:06]} Nxg3 20. hxg3 {[%emt 0:00:04]} Rxd3 {[%emt 0:02:20]} 21. Qxd3 {[%emt 0:00:45]} Qe7 {[%emt 0:02:41]} 22. Rd1 {[%emt 0:00:36]} Bf6 23. Rd2 Qc7 {[%emt 0:03:11]} 24. Nh2 {[%emt 0:05:47]} Bh5 {[%emt 0:02:16]} 25. Qd6 {[%emt 0:01:00]} Qxd6 {[%emt 0:00:22]} 26. Rxd6 {[%emt 0:00:02]} Kg7 {[%emt 0:00:34]} 27. Rd7 {[%emt 0:01:03]} Rb8 {[%emt 0:00:15]} 28. f3 {[%emt 0:01:59]} Bd8 {[%emt 0:00:44]} 29. g4 {[%emt 0:02:00]} Bg6 {[%emt 0:00:22]} 30. Kf1 {[%emt 0:01:06]} Kf8 {[%emt 0:00:34]} 31. Ke2 {[%emt 0:00:47]} Ke8 {[%emt 0:00:19]} 32. Rd2 {[%emt 0:00:20]} Bb6 {[%emt 0:00:15]} 33. Nf1 {[%emt 0:00:17]} h5 {[%emt 0:00:59]} 34. gxh5 {[%emt 0:02:25]} Bxh5 {[%emt 0:00:06]} 35. Ng3 {[%emt 0:03:45]} Bg6 {[%emt 0:00:07]} 36. Bc2 {[%emt 0:02:17]} Ke7 {[%emt 0:01:01]} 37. Rd1 {[%emt 0:01:05]} Rh8 {[%emt 0:00:24]} 38. Rh1 {[%emt 0:00:06]} Rxh1 {[%emt 0:00:25]} 39. Nxh1 {[%emt 0:00:01]} f6 {[%emt 0:00:37]} 40. Ng3 {[%emt 0:00:10]} Bf7 {[%emt 0:00:20]} 41. Nf5+ {[%emt 0:00:14]} Kd7 {[%emt 0:00:07]} 42. Bb3 {[%emt 0:00:05]} Bxb3 {[%emt 0:00:43]} 43. axb3 {[%emt 0:00:30]} a5 {[%emt 0:00:16]} 44. Ne3 {[%emt 0:00:00]} Bxe3 45. Kxe3 {[%emt 0:04:25]} Kd6 {[%emt 0:01:48]} 46. Kd3 {[%emt 0:00:30]} Kc5 {[%emt 0:00:10]} 47. Kc2 {[%emt 0:00:30]} Kb5 {[%emt 0:00:30]} 48. Kd3 {[%emt 0:00:32]} c5 {[%emt 0:00:38]} 49. Kc2 {[%emt 0:02:15]} a4 {[%emt 0:00:19]} 50. bxa4+ {[%emt 0:01:01]} Kxa4 {[%emt 0:00:36]} 51. b3+ {[%emt 0:00:00]} Ka3 {[%emt 0:00:30]} 52. c4 {[%emt 0:00:29]} g4 {[%emt 0:00:50]} 53. fxg4 {[%emt 0:02:18]} Ka2 {[%emt 0:00:18]} 54. Kc3 {[%emt 0:00:04]} Kb1 {[%emt 0:00:45]} 55. b4 {[%emt 0:00:12]} Ka2 {[%emt 0:00:18]} 56. bxc5 {[%emt 0:00:32]} Ka3 {[%emt 0:00:07] Kd4} 0-1

[Event "7th Iberoamerican-ch 2019"]
[Site "Linares"]
[Date "2019.08.11"]
[Round "2.1"]
[White "Ladron De Guevara Pinto, Paolo"]
[Black "Cori, Jorge"]
[Result "1-0"]
[WhiteElo "2416"]
[BlackElo "2686"]
[Annotator "TA"]
[PlyCount "39"]
[EventDate "2019.08.10"]
[EventType "swiss"]
[EventCountry "ESP"]
[SourceTitle "playchess.com"]
[Source "ChessBase"]
[SourceQuality "1"]

{[%evp 17,39,18,24,15,50,51,54,54,84,65,82,83,103,6,10,14,2,-19,0,-101,297,306,566,552]} 1. d4 Nf6 2. c4 e6 3. Nc3 Bb4 4. e3 c5 5. Nge2 cxd4 6. exd4 d5 7. c5 Ne4 8. Bd2 Nxd2 9. Qxd2 Nc6 10. a3 {E42: Nimzo-Indian: Rubinstein: 4...c5 5 Ne2} Bxc3 11. Nxc3 O-O 12. Be2 {White is slightly better.} e5 $146 ({Predecessor:} 12... Qh4 13. Rd1 f6 14. g3 Qh3 15. Bf1 Qg4 16. Bg2 Kh8 17. Nb5 Rb8 {1-0 (28) Rowson,J (2490)-McLeod,F Port Erin 1999}) 13. dxe5 d4 14. Nb5 Qd5 15. Nc7 (15. f4 $1 $16) 15... Qxg2 $11 16. O-O-O $36 {[%mdl 2048] Hoping for Qf4. Black is under pressure.} Rb8 17. Rhg1 Qxf2 18. Nd5 {[#] Qh6 would kill now.} Nxe5 $2 {[%mdl 8192] [#]} ({Avoid the trap} 18... Qxh2 $2 19. Nf6+ Kh8 20. Rh1 $18) (18... Qh4 $1 $17 {keeps the pressure on. White must now prevent ...Rd8.} 19. Rg5 Qh6) 19. Qg5 $1 $18 {[%csl Gg1][%cal Rg5g7][%mdl 512]} Ng6 $2 (19... Bg4 {keeps fighting.} 20. Qxe5 Qxe2 21. Nf6+ {[%mdl 64] Double Attack} Kh8 22. Nxg4 Qxe5 23. Nxe5 Rbc8) 20. Rg2 {Accuracy: White = 56%, Black = 34%.} 1-0

[Event "7th Iberoamerican-ch 2019"]
[Site "Linares"]
[Date "2019.08.11"]
[Round "2.2"]
[White "Anton Guijarro, David"]
[Black "Gines Esteo, Pedro Antonio"]
[Result "1-0"]
[WhiteElo "2678"]
[BlackElo "2404"]
[Annotator "TA"]
[PlyCount "61"]
[EventDate "2019.08.10"]
[EventType "swiss"]
[EventCountry "ESP"]
[SourceTitle "playchess.com"]
[Source "ChessBase"]
[SourceQuality "1"]

{[%evp 9,61,0,5,0,10,10,35,30,42,42,37,41,44,36,41,44,54,32,72,54,59,54,90,85,82,76,92,29,37,18,25,19,30,0,0,0,45,12,195,37,461,354,773,781,723,678,1283,1225,1055,258,29989,29990,29992,29986]} 1. c4 e5 2. g3 d6 3. Nc3 g6 4. Bg2 Bg7 5. e4 h5 (5... f5 6. Nge2 Nf6 7. d3 O-O 8. O-O c6 9. exf5 Bxf5 10. h3 h5 11. Bg5 Na6 12. Qd2 Qd7 13. Kh2 Rae8 14. Rad1 Nc5 15. Qe3 Ne6 16. Bxf6 Bxf6 17. Ne4 {½-½ (45) Carlsen,M (2832)-Guseinov,G (2645) chess.com INT 2017}) 6. h4 {A21: English Opening: 1...e5 2 Nc3} Ne7 7. Nge2 Nec6 8. d3 {White is slightly better.} Nd7 9. Bg5 f6 10. Be3 O-O 11. O-O $146 ({Predecessor:} 11. g4 hxg4 12. Ng3 Nc5 13. h5 f5 14. exf5 gxf5 15. Bd5+ {0-1 (39) Hotak,M (2036)-Sepesi,S (1978) Slovakia 2013}) 11... Nc5 12. Nd5 $36 {[%mdl 2048] White has some pressure.} a5 13. Qd2 Nb4 14. d4 exd4 15. Bxd4 Be6 16. Nxb4 axb4 17. b3 Nd7 18. f4 (18. Bb2 $16) 18... Bg4 $11 19. f5 g5 20. Bb2 c5 21. Nc1 Kh7 22. Nd3 Bh6 23. hxg5 fxg5 $2 (23... Bxg5 $11 {and Black stays safe.} 24. Nf4 Qe7) 24. f6 $2 (24. e5 $18) 24... Nxf6 $2 {[%mdl 8192]} (24... Ne5 $1 $14) 25. Qc2 {Hoping for e5.} Kg8 $2 (25... Nd7 26. e5 Kh8 27. Rxf8+ Nxf8 28. exd6+ (28. Bxb7 Rb8 $18) 28... Bg7) 26. e5 $18 dxe5 27. Nxe5 Bg7 28. Nxg4 hxg4 {[#]} 29. Qg6 $2 (29. Rxf6 $1 {[%mdl 512]} Rxf6 30. Bd5+ Qxd5 31. cxd5) 29... Ra6 $2 {[#]} (29... Qe8 $18 30. Bd5+ (30. Rxf6 Rxf6 31. Bd5+ Kf8 $11) 30... Kh8 31. Qxg5 Qh5 32. Bxf6 Qxg5 33. Bxg5 Bd4+ 34. Kg2 Rxf1 35. Rxf1 Rxa2+ 36. Kh1 Rb2 37. Rf8+ (37. Bxb7 Rxb3 38. Bf4 Rc3 $18) 37... Kg7) 30. Bd5+ $1 {[%mdl 512]} Kh8 (30... Nxd5 31. Qxg7#) 31. Kg2 {Accuracy: White = 55%, Black = 26%.} 1-0